La civilisation de la Grèce Antique (Partie 2) - Statistiques

Statistiques générales
  • Ce quiz a été pris 111 fois
  • Le résultat moyen est 8 sur 10
Statistiques - réponses
Question Réponse % Correct
Quelle ville grecque est le berceau de la démocratie ? Athènes
100%
Quel est le port d'Athènes ? Le Pirée
96%
Quel est le dieu de la lumière, de la poésie et de la musique ? Apollon
92%
Quel héros de la mythologie tua le minotaure et sortit du labyrinthe ? Thésée
92%
Dans quel lieu le roi Léonidas s'est-il battu héroïquement juste avant sa mort ? Au défilé des Thermopyles
80%
Quelle divinité était vénérée dans le Parthénon ? Athéna
76%
Qu'est-ce qu'un oracle ? La réponse d'un dieu à la question d'un homme
76%
Qui défendit Troie face aux Achéens ? Hector
72%
Quel philosophe grec n'a jamais rien écrit ? Socrate
72%
Quelle est la patrie de Lycurgue et de Lysandre ? Sparte
44%
Aucun quiz correspondant
Distribution des résultats
% des personnes avec chaque résultat
Percentile par nombre de réponses
Votre historique - résultats
Vous n’avez pas pris ce quiz